00566nam a2200205Ia 450000100060000000300070000600800410001302000150005404000110006908000120008010000210009224500650011326000150017826000240019326000090021730000160022654100110024265300650025365300420031821650GE_BSU181216s||||||||xx |||||||||||||| ||und|| a3872767534 cGE_BSU a811.112 aDittmar, Norbert aSoziolinguistik: Studienbibliographien Sprachwissenschaft 16 aHeidelberg bjulius Groos Verlag c1996 a52 p. 21cm. h2 Gel. aSoziolinguistik: Studienbibliographien Sprachwissenschaft 16 aგერმანული ენა